Latin For Americans- Unit 4 Vocabulary Review - Statistics

General Stats
  • This quiz has been taken 61 times
  • The average score is 19 of 44
Answer Stats
Latin Part of Speech Answer % Correct
Bellum, Belli n. Noun War
90%
Causa, Causae f. Noun Cause
83%
Populus, Populi m. Noun People
83%
Templum, Templi n. Noun Temple
77%
Pono,Ponere,Posui,Positus Verb Put
75%
Defendo,Defendere,Defensi,Defensus Verb Defend
73%
Locus, Loci , m. Noun Place
71%
Quid Pronoun What?
69%
Quis Pronoun Who?
69%
Terminus, Termini m. Noun End
67%
Arma, Armorum n. pl. Noun Weapons
67%
Publicus, Publica, Publicum Adjective Public
65%
Venio,Venire,Veni,Ventus Verb Come
60%
Ubi Adverb Where?
60%
Facio,Facere,Feci,Factus Verb Make
58%
Auxilium, Auxilii n. Noun Help
56%
Dominus, Domini m. Noun Master
56%
Narro,Narrare,Narravi,Narratus Verb Tell
54%
Ago,Agere,Egi,Actus Verb Do
50%
Pulcher, Pulchra, Pulchrum Adjective Beautiful
48%
Rego,Regere,Rexi,Rectus Verb Rule
48%
Mitto,Mittere,Missi,Missus Verb Send
48%
Duco,Ducere,Duxi,Ductus Verb Lead
42%
Debeo,Debere,Debui,Debitus Verb Owe
33%
Latus, Lata, Latum Adjective Wide
33%
Nuntius, Nunti m. Noun Messenger
31%
Invenio,Invenire,Inveni,Inventus Verb Find
27%
Oppidum, Oppudi n. Noun Town
27%
Vester, Vestra, Vestrum Adjective Your
27%
Concordia, Concordiae f. Noun Harmony
25%
Capio,Capere,Cepi,Captus Verb Take
25%
-Ne Enclitic Syllable Denotes Question
21%
Munio,Munire,Munivi,Munitus Verb Fortify
17%
Pretium,Preti n. Noun Price
17%
Officium, Offici n. Noun Duty
15%
Accipio,Accipere,Accepi,Acceptus Verb Receive
15%
Cedo,Cedere,Cessi,Cessurus Verb Retreat
15%
Efficio,Efficere,Effeci,Effectus Verb Affect
13%
Aequus, Aequa, Aequum Adjective Even
13%
Accedo,Accedere,Acessi,Acessurus Verb Approach
10%
Exspecto,Expectare,Expectavi,Expectatus Verb Await
10%
Versus, Versa, Versum Adjective True
10%
Excedo,Excedere,Excessi,Excessurus Verb Depart
8%
Maturo,Maturare,Maturavi,Maturatus Verb Hasten
6%
No matching quizzes found
Score Distribution
Percent of People with Each Score
Percentile by Number Answered
Your Score History
You have not taken this quiz